[Event "Ricany op"]
[Site "Ricany"]
[Date "2015.08.23"]
[Round "2"]
[White "Vavrinec, Tomas"]
[Black "Skvaril, Michal"]
[Result "1-0"]
[WhiteElo "1918"]
[BlackElo "1785"]
[PlyCount "79"]
[EventDate "2015.08.22"]
[EventType "swiss"]
[EventRounds "9"]
[EventCountry "CZE"]
[SourceTitle "EXT 2023"]
[Source "ChessBase"]
[SourceDate "2022.10.05"]
[SourceVersion "1"]
[SourceVersionDate "2022.10.05"]
[SourceQuality "1"]

1. c4 e6 2. Nf3 d5 3. g3 Nf6 4. Bg2 Be7 5. 0-0 0-0 6. b3 b6 7. Bb2 Bb7 8. d3 c5 9. cxd5 exd5 10. Nbd2 Nbd7 11. Rc1 Re8 12. Rc2 Bd6 13. e3 Rc8 14. Qa1 Qe7 15. Rfc1 Ne5 16. Nxe5 Bxe5 17. Bxe5 Qxe5 18. Qxe5 Rxe5 19. d4 Ree8 20. dxc5 Rxc5 21. Rxc5 bxc5 22. Rxc5 Rc8 23. Rxc8+ Bxc8 24. Nf3 Kf8 25. Nd4 Bd7 26. Kf1 Ke7 27. Ke2 Ne4 28. Bxe4 dxe4 29. Kd2 Kd6 30. Kc3 f5 31. Kb4 a6 32. Ka5 Kc5 33. Kxa6 Kb4 34. Kb6 Ka3 35. Kc7 Be8 36. Nxf5 g5 37. Nd6 Bg6 38. Nc4+ Kxa2 39. b4 Be8 40. Nd6 1-0

[Event "Ricany op-A"]
[Site "Ricany"]
[Date "2014.08.30"]
[Round "9"]
[White "Skvaril, Michal"]
[Black "Petr, Jakub"]
[Result "1-0"]
[WhiteElo "1730"]
[BlackElo "1657"]
[PlyCount "55"]
[EventDate "2014.08.23"]
[EventType "swiss"]
[EventRounds "9"]
[EventCountry "CZE"]
[SourceTitle "EXT 2015"]
[Source "ChessBase"]
[SourceDate "2014.11.20"]
[SourceVersion "1"]
[SourceVersionDate "2014.11.20"]
[SourceQuality "1"]

1. e4 c5 2. Nf3 d6 3. d4 cxd4 4. Nxd4 Nf6 5. Nc3 a6 6. Bg5 e6 7. f4 Nbd7 8. Qf3 Qc7 9. 0-0-0 b5 10. Bd3 Bb7 11. Rhe1 0-0-0 12. Qe2 Nc5 13. a3 Kb8 14. Bh4 Rc8 15. Bf2 d5 16. e5 Nfe4 17. Bxe4 dxe4 18. Kb1 Be7 19. Qe3 Na4 20. Nxa4 bxa4 21. Nxe6 Qxc2+ 22. Ka1 fxe6 23. Qa7+ Kc7 24. Rc1 Qxc1+ 25. Rxc1+ Kd8 26. Bb6+ Ke8 27. Rxc8+ Bxc8 28. Qc7 1-0

[Event "Ricany op-A"]
[Site "Ricany"]
[Date "2014.08.29"]
[Round "8"]
[White "Lhotsky, Zdenek"]
[Black "Skvaril, Michal"]
[Result "1/2-1/2"]
[WhiteElo "1601"]
[BlackElo "1730"]
[PlyCount "50"]
[EventDate "2014.08.23"]
[EventType "swiss"]
[EventRounds "9"]
[EventCountry "CZE"]
[SourceTitle "EXT 2015"]
[Source "ChessBase"]
[SourceDate "2014.11.20"]
[SourceVersion "1"]
[SourceVersionDate "2014.11.20"]
[SourceQuality "1"]

1. e4 e5 2. Nf3 Nc6 3. Bb5 a6 4. Ba4 Nf6 5. 0-0 b5 6. Bb3 Bc5 7. c3 d6 8. Re1 0-0 9. d4 exd4 10. cxd4 Bb4 11. Bd2 Bxd2 12. Nbxd2 Ne7 13. Nf1 Bb7 14. Ng3 c5 15. Bc2 Ng6 16. Rc1 Re8 17. Bb1 Rc8 18. a3 Qb6 19. d5 Nd7 20. b3 Rc7 21. Qd3 Nge5 22. Nxe5 Nxe5 23. Qe3 g6 24. h4 h5 25. Qg5 Kh7 1/2-1/2

[Event "Ricany op-A"]
[Site "Ricany"]
[Date "2014.08.25"]
[Round "4"]
[White "Aubrecht, Petr"]
[Black "Skvaril, Michal"]
[Result "1/2-1/2"]
[WhiteElo "1539"]
[BlackElo "1730"]
[PlyCount "25"]
[EventDate "2014.08.23"]
[EventType "swiss"]
[EventRounds "9"]
[EventCountry "CZE"]
[SourceTitle "EXT 2015"]
[Source "ChessBase"]
[SourceDate "2014.11.20"]
[SourceVersion "1"]
[SourceVersionDate "2014.11.20"]
[SourceQuality "1"]

1. e4 e5 2. f4 Bc5 3. Nf3 d6 4. c3 Bb6 5. d4 exd4 6. cxd4 Nf6 7. Nc3 0-0 8. Bd3 Bg4 9. e5 dxe5 10. dxe5 Bxf3 11. Qxf3 Nfd7 12. Be3 Bxe3 13. Qxe3 1/2-1/2

[Event "Prague Holiday K31"]
[Site "Prague"]
[Date "2014.08.06"]
[Round "6"]
[White "Skvaril, Michal"]
[Black "Kovar, Jan2"]
[Result "1-0"]
[WhiteElo "1730"]
[BlackElo "1945"]
[PlyCount "129"]
[EventDate "2014.08.03"]
[EventType "tourn"]
[EventRounds "9"]
[EventCountry "CZE"]
[SourceTitle "EXT 2023"]
[Source "ChessBase"]
[SourceDate "2022.10.05"]
[SourceVersion "1"]
[SourceVersionDate "2022.10.05"]
[SourceQuality "1"]

1. e4 e6 2. d4 d5 3. Nd2 c5 4. exd5 Qxd5 5. Ngf3 cxd4 6. Bc4 Qd6 7. 0-0 Nf6 8. Nb3 Nc6 9. Nbxd4 Nxd4 10. Qxd4 Bd7 11. Bf4 Qxd4 12. Nxd4 Bc5 13. Nf3 0-0 14. Ne5 Rfd8 15. Bg5 Be8 16. Rad1 Bxf2+ 17. Kxf2 Ne4+ 18. Ke3 Rxd1 19. Rxd1 Nxg5 20. h4 f6 21. hxg5 fxe5 22. Bxe6+ Kf8 23. Ke4 Ke7 24. Kxe5 Bc6 25. Rf1 Be8 26. Rh1 Bg6 27. Rd1 Be8 28. c4 Bc6 29. Rf1 Be8 30. Rh1 Bg6 31. Rd1 Rd8 32. Rxd8 Kxd8 33. Kd6 h6 34. gxh6 gxh6 35. b4 h5 36. g3 Be8 37. c5 Bb5 38. Bf7 Be2 39. a4 Bd1 40. c6 bxc6 41. Kxc6 Bf3+ 42. Bd5 Bd1 43. a5 Kc8 44. b5 Kb8 45. b6 Be2 46. Kc5 Bg4 47. a6 Be2 48. bxa7+ Kxa7 49. Bc4 Bf3 50. Kd4 Bg4 51. Ke3 Bd7 52. Be2 Be8 53. Kf4 Bd7 54. Kg5 Be8 55. Kh6 Bf7 56. Bxh5 Bc4 57. g4 Kxa6 58. g5 Bd3 59. Bg6 Bb5 60. Bf5 Be8 61. Kg7 Kb6 62. Kf6 Kc7 63. Bg6 Bb5 64. Ke7 Kb6 65. Bf5 1-0

[Event "Prague Golden op 10th"]
[Site "Prague"]
[Date "2014.06.28"]
[Round "8"]
[White "Vystrcil, Martin"]
[Black "Skvaril, Michal"]
[Result "1/2-1/2"]
[WhiteElo "1788"]
[BlackElo "1722"]
[PlyCount "49"]
[EventDate "2014.06.22"]
[EventType "swiss"]
[EventRounds "9"]
[EventCountry "CZE"]
[SourceTitle "CBM 161 Extra"]
[Source "ChessBase"]
[SourceDate "2014.08.29"]
[SourceVersion "1"]
[SourceVersionDate "2014.08.29"]
[SourceQuality "1"]

1. e4 e5 2. Nf3 Nc6 3. Nc3 Nf6 4. d4 exd4 5. Nxd4 Bb4 6. Nxc6 bxc6 7. Bd3 d5 8. exd5 cxd5 9. 0-0 0-0 10. h3 h6 11. Qf3 c6 12. Bf4 Be6 13. Ne2 Bd6 14. Rfe1 Re8 15. b3 c5 16. Rad1 Qc7 17. Bxh6 c4 18. bxc4 dxc4 19. Bf5 Bd5 20. Rxd5 Nxd5 21. Bxg7 Kxg7 22. Qxd5 Rad8 23. Qd4+ Be5 24. Qg4+ Kf8 25. Be4 1/2-1/2

[Event "Prague Golden op 10th"]
[Site "Prague"]
[Date "2014.06.23"]
[Round "3"]
[White "Skvaril, Michal"]
[Black "Plasil, Petr"]
[Result "0-1"]
[WhiteElo "1722"]
[BlackElo "1953"]
[PlyCount "92"]
[EventDate "2014.06.22"]
[EventType "swiss"]
[EventRounds "9"]
[EventCountry "CZE"]
[SourceTitle "CBM 161 Extra"]
[Source "ChessBase"]
[SourceDate "2014.08.29"]
[SourceVersion "1"]
[SourceVersionDate "2014.08.29"]
[SourceQuality "1"]

1. e4 c5 2. Nf3 Nc6 3. d4 cxd4 4. Nxd4 e5 5. Nb5 d6 6. N1c3 a6 7. Na3 b5 8. Nd5 Nge7 9. Be3 Nxd5 10. Qxd5 Bd7 11. Be2 Rc8 12. Rd1 Be7 13. 0-0 0-0 14. Qd2 Be6 15. b3 Qc7 16. c4 b4 17. Nc2 a5 18. Qc1 f5 19. exf5 Bxf5 20. f3 h6 21. Bd3 Bxd3 22. Rxd3 e4 23. fxe4 Rxf1+ 24. Qxf1 Rf8 25. Qe2 Bf6 26. Nd4 Nxd4 27. Bxd4 Bxd4+ 28. Rxd4 Qa7 29. Qe3 Qf7 30. Rd1 Qf6 31. h3 Re8 32. Qd4 Qf4 33. Qxd6 Qe3+ 34. Kh1 Rxe4 35. Qd8+ Re8 36. Qxa5 Qf2 37. Qxb4 Re2 38. Rg1 Rxa2 39. Qe1 Qc2 40. Qb1 Qd2 41. c5 Rc2 42. Qe1 Qd5 43. b4 Qc6 44. Qb1 Rc3 45. Qa2+ Kh7 46. Qb2 Rxh3# 0-1

[Event "CZE-chTW U20 1314"]
[Site "Czech Republic"]
[Date "2013.10.13"]
[Round "3.3"]
[White "Pycha, Patrik"]
[Black "Skvaril, Michal"]
[Result "1-0"]
[WhiteElo "1994"]
[BlackElo "1726"]
[PlyCount "79"]
[EventDate "2013.10.12"]
[EventType "team-tourn"]
[EventRounds "11"]
[EventCountry "CZE"]
[SourceTitle "EXT 2015"]
[Source "ChessBase"]
[SourceDate "2014.11.20"]
[SourceVersion "1"]
[SourceVersionDate "2014.11.20"]
[SourceQuality "1"]
[WhiteTeam "Vlasim (U20)"]
[BlackTeam "Praha Bohemians (U20)"]
[WhiteTeamCountry "CZE"]
[BlackTeamCountry "CZE"]

1. e4 e5 2. Nf3 Nc6 3. Bb5 f5 4. d3 fxe4 5. dxe4 d6 6. Nc3 Nf6 7. Qd3 Be7 8. Qc4 Bd7 9. Ng5 Rf8 10. 0-0 Nd4 11. Bxd7+ Qxd7 12. f4 0-0-0 13. Be3 d5 14. exd5 Nxd5 15. Bxd4 exd4 16. Nxd5 Qxd5 17. Qxd5 Rxd5 18. Nxh7 Rh8 19. Ng5 Bxg5 20. fxg5 Rxg5 21. Rae1 Rc5 22. Re2 Rd8 23. Rf7 g5 24. Kf2 Rcd5 25. Kg3 Rg8 26. Kg4 b6 27. h3 d3 28. cxd3 Rxd3 29. Rc2 Rd7 30. Rxd7 Kxd7 31. Rf2 c5 32. Rf5 Kd6 33. Rxg5 Rxg5+ 34. Kxg5 b5 35. Kf4 a5 36. Ke4 a4 37. a3 Ke6 38. h4 b4 39. axb4 cxb4 40. Kd3 1-0

[Event "Ricany op"]
[Site "Ricany"]
[Date "2012.08.29"]
[Round "5"]
[White "Skvaril, Michal"]
[Black "Eisner, Oldrich"]
[Result "1/2-1/2"]
[WhiteElo "1728"]
[BlackElo "1833"]
[PlyCount "45"]
[EventDate "2012.08.26"]
[EventType "swiss"]
[EventRounds "9"]
[EventCountry "CZE"]
[SourceTitle "CBM 150 Extra"]
[Source "ChessBase"]
[SourceDate "2012.10.19"]
[SourceVersion "1"]
[SourceVersionDate "2012.10.19"]
[SourceQuality "1"]

1. e4 c5 2. Nf3 Nc6 3. d4 cxd4 4. Nxd4 g6 5. c4 Nf6 6. Nc3 d6 7. Be3 Bg7 8. Be2 0-0 9. 0-0 a6 10. f3 Bd7 11. Qd2 Nxd4 12. Bxd4 Bc6 13. Rfd1 Re8 14. b4 Nh5 15. g3 Bxd4+ 16. Qxd4 Ng7 17. b5 Ne6 18. Qe3 axb5 19. cxb5 Bd7 20. Nd5 Nc5 21. b6 Ne6 22. Qb3 Bc6 23. Rd2 1/2-1/2

[Event "CZE Czechia-ch U14"]
[Site "Harrachov"]
[Date "2009.10.27"]
[Round "4"]
[White "Skvaril, Michal"]
[Black "Vancura, Daniel"]
[Result "1-0"]
[WhiteElo "1458"]
[BlackElo "1669"]
[PlyCount "67"]
[EventDate "2009.10.24"]
[EventType "swiss"]
[EventRounds "9"]
[EventCountry "CZE"]
[SourceTitle "EXT 2012"]
[Source "ChessBase"]
[SourceDate "2011.11.24"]
[SourceVersion "1"]
[SourceVersionDate "2011.11.24"]
[SourceQuality "1"]

1. e4 e5 2. Nf3 Nc6 3. Nc3 d6 4. Bb5 Nf6 5. d3 a6 6. Bc4 Be7 7. Be3 Bg4 8. h3 Bh5 9. Nd5 Bxf3 10. Qxf3 Nd4 11. Qd1 Nxd5 12. Bxd5 c6 13. Bb3 Nxb3 14. axb3 0-0 15. 0-0 Bg5 16. Qd2 Bxe3 17. Qxe3 c5 18. f4 f6 19. f5 b5 20. c4 Qd7 21. Ra5 Rfb8 22. Qc1 Qd8 23. Ra2 Qe8 24. Ra5 Qd8 25. Ra2 Qd7 26. Ra5 Qc7 27. Ra2 Qc6 28. Qc2 Qe8 29. Rfa1 Qc6 30. Rb1 Qc8 31. Rba1 Rb6 32. cxb5 Rxb5 33. Qc4+ Kh8 34. Qxb5 1-0

[Event "Ricany op-B"]
[Site "Ricany"]
[Date "2008.08.29"]
[Round "8"]
[White "Kocir, Vojtech"]
[Black "Skvaril, Michal"]
[Result "0-1"]
[WhiteElo "1273"]
[BlackElo "1250"]
[PlyCount "64"]
[EventDate "2008.08.23"]
[EventType "swiss"]
[EventRounds "9"]
[EventCountry "CZE"]
[SourceTitle "CBM 126 Extra"]
[Source "ChessBase"]
[SourceDate "2008.11.05"]
[SourceVersion "1"]
[SourceVersionDate "2008.11.05"]
[SourceQuality "1"]

1. e4 e5 2. Nf3 Nc6 3. Bc4 Nf6 4. d3 d5 5. exd5 Nxd5 6. Bb5 Bd6 7. h3 0-0 8. Bxc6 bxc6 9. c4 Ne7 10. 0-0 Ng6 11. Nc3 Bf5 12. Be3 Re8 13. Re1 f6 14. Nd2 Bxd3 15. Qa4 Qd7 16. Rad1 Red8 17. Nde4 Bxe4 18. Nxe4 Qe8 19. Bc5 Bxc5 20. Nxc5 Rxd1 21. Rxd1 Nf4 22. Kh2 Ne6 23. Nd3 c5 24. Qa5 Qc6 25. Qa3 Qd6 26. Qa4 e4+ 27. g3 exd3 28. Rxd3 Qxd3 29. Qc6 Rb8 30. b3 Qd6 31. Qe4 Qd4 32. Qe2 h6 0-1

[Event "Ricany op-B"]
[Site "Ricany"]
[Date "2008.08.23"]
[Round "1"]
[White "Skvaril, Michal"]
[Black "Janouchova, Marcela"]
[Result "1/2-1/2"]
[WhiteElo "1250"]
[BlackElo "1543"]
[PlyCount "106"]
[EventDate "2008.08.23"]
[EventType "swiss"]
[EventRounds "9"]
[EventCountry "CZE"]
[SourceTitle "CBM 126 Extra"]
[Source "ChessBase"]
[SourceDate "2008.11.05"]
[SourceVersion "1"]
[SourceVersionDate "2008.11.05"]
[SourceQuality "1"]

1. e4 Nf6 2. Nc3 d5 3. exd5 Nxd5 4. Nxd5 Qxd5 5. d4 g6 6. c4 Qd8 7. Nf3 Bg4 8. Be2 Bg7 9. Be3 Nc6 10. d5 Bxf3 11. Bxf3 Ne5 12. Be2 0-0 13. 0-0 Re8 14. Rc1 e6 15. dxe6 Rxe6 16. Rc2 Qe7 17. Bd4 Rd8 18. Rd2 Bh6 19. Be3 Rxd2 20. Qxd2 Bxe3 21. Qxe3 Nxc4 22. Qc3 Rxe2 23. Qxc4 Rxb2 24. a4 Rb4 25. Qc3 Rxa4 26. Re1 Qd7 27. Qb2 Rd4 28. Qxb7 Rd1 29. Qb8+ Kg7 30. Qb2+ f6 31. Qe2 Rxe1+ 32. Qxe1 c5 33. h3 Qc7 34. Qc3 Qe5 35. Qc2 Qd4 36. Qa2 c4 37. Qa4 h5 38. g3 Kh6 39. h4 Qe4 40. Qa3 Qb7 41. Qc1+ Kg7 42. Qxc4 f5 43. Qd4+ Kh7 44. Qc5 a6 45. Qa5 Qb1+ 46. Kg2 Qe4+ 47. Kh2 Qe2 48. Qc7+ Kg8 49. Qc8+ Kf7 50. Qc7+ Qe7 51. Qc4+ Qe6 52. Qc7+ Kf6 53. Qd8+ Kf7 1/2-1/2